000 00689nam a2200253Ia 4500
003 OSt
005 20220918165334.0
006 a|||||r|||| 00| 0
007 ta
008 220917b |||||||| |||| 00| 0 eng d
020 _a3631539320 (hb)
024 _a230,697
037 _cTextual
040 _aARTS
_cARTS
_beng
041 _2eng
_aeng
082 _aU8wL69, P5
100 _aRupke Nicolaas A.
_923892
245 0 _aAlexander Von Humboldt
_b a metabiography
260 _aFrankfurtam
_bMain Peter Lang
_c2005
300 _a320p.
_ccm.
650 _aGEOGRAPHY; TRAVEL
_920642
942 _hU8wL69, P5
_cTEXL
_2CC
999 _c129411
_d129411